000 00720nam a2200265 i 4500
001 C2-0145736
003 PPAK
005 20180727131004.0
008 980312s1996 my |||| ||||| | may d
020 _a9836248196
040 _aPPAK
_beng
_cPPAK
_erda
082 0 4 _a899.23
_223
090 0 0 _a899.23
_bALI
_dG
090 0 0 _a899.23
_bALI
_dKMI
100 0 _aAli Ahmad,
_eauthor
245 1 0 _aBunga rampai sastera melayu : warisan Islam
264 1 _aKuala Lumpur :
_bDewan Bahasa dan Pustaka ,
_c1996
300 _axvi, 347 pages ;
_c22 cm
336 _2rdacontent
_atext
337 _2rdamedia
_aunmediated
338 _2rdacarrier
_avolume
650 1 0 _aMalay literature.
700 _eauthor
942 _ddc
_cB
999 _c46277
_d46277